Statistics for NFL Opening Day WR1

Click here to take the quiz!

General Stats

  • This quiz has been taken 75 times
  • The average score is 14 of 32

Answer Stats

HintAnswer% Correct
Detroit LionsAmon Ra St. Brown
90%
Miami DolphinsTyreek Hill
84%
Cincinnati BengalsJa'Marr Chase
81%
Chicago BearsDJ Moore
77%
Minnesota VikingsJustin Jefferson
76%
Dallas CowboysCeedee Lamb
74%
Los Angeles RamsCooper Kupp
74%
Buffalo BillsStefon Diggs
74%
Cleveland BrownsAmari Cooper
69%
Carolina PanthersAdam Thielen
65%
Las Vegas RaidersDavante Adams
61%
Philadelphia EaglesDevonta Smith
61%
San Francisco 49ersDeebo Samuel
60%
Los Angeles ChargersKeenan Allen
60%
Seattle SeahawksDK Metcalf
58%
Baltimore RavensOdell Beckham Jr.
58%
Denver BroncosJerry Jeudy
56%
Jacksonville JaguarsCalvin Ridley
50%
Tampa Bay BuccaneersMike Evans
50%
Atlanta FalconsDrake London
18%
New York JetsAllen Lazard
16%
Houston TexansTank Dell
15%
Washington CommandersTerry Mclaurin
15%
New Orleans SaintsChris Olave
13%
Arizona CardinalsMarquise Brown
13%
Green Bay PackersChristian Watson
10%
Pittsburgh SteelersDiontae Johnson
5%
Tennessee TitansTreylon Burks
3%
Indianapolis ColtsMicheal Pittman Jr.
2%
Kansas City ChiefsSkyy Moore
2%
New England PatriotsDemario Douglas
0%
New York GiantsWan'Dale Robinson
0%

Score Distribution

Percentile by Number Answered

Percent of People with Each Score

Your Score History

You have not taken this quiz